00868nam a2200193Ia 4500008004100000020001500041041001200056082001600068100002300084245011500107260003400222300000800256650001500264700002700279942000700306999001500313952017300328952017300501221030s9999 xx 000 0 und d a8185099146 aEnglish a105.23bCho aS. K. H. Choudhury 0aElements of Workshop Technology Vol I : Manufacturing Processescby S. K. H. Choudhury, A. K. Hajra Choudhury bMedia PromotersaMumbaic1997 a653 aMechanical aA. K. Hajra Choudhury cBK c2598d2598 pBE 1599g160.00l0o105.23 Chor2024-06-13 00:00:00w2022-10-30yBK003Print4070aMIETLIBbMIETLIBcBL-Academic Block - A, FL-1, CUP-52, SH-1, R-1d2000-05-1110HBE pBE 1601g160.00l0o105.23 Chor2024-06-13 00:00:00w2022-10-30yBK003Print4070aMIETLIBbMIETLIBcBL-Academic Block - A, FL-1, CUP-52, SH-1, R-1d2000-05-1110HBE